GPS <a> case study in generality and problem solving
Uložené v:
| Hlavný autor: | |
|---|---|
| Médium: | Kniha |
| Jazyk: | English |
| Vydavateľské údaje: |
New York
Academic Press
1969
|
| Tagy: |
Žiadne tagy, Buďte prvý, kto otaguje tento záznam!
|
MARC
| LEADER | 00000nam a2200000 4500 | ||
|---|---|---|---|
| 001 | c140111 | ||
| 005 | 20041019155317.9 | ||
| 041 | 0 | |a eng | |
| 044 | |a US | ||
| 245 | 1 | 0 | |a GPS |b <a> case study in generality and problem solving |c George W. Ernst |
| 264 | 1 | |a New York |b Academic Press |c 1969 | |
| 300 | |a 297 s. | ||
| 100 | 1 | |a Ernst, George W. | |